[Event "Open"]
[Site "Maastricht, NL"]
[Date "2025.06.09"]
[Round "7"]
[White "Pauly, Carlo"]
[Black "Bok, Benjamin"]
[Result "0-1"]
[Board "2"]
[WhiteFideId "24673269"]
[BlackFideId "1017063"]
[WhiteTitle "FM"]
[BlackTitle "GM"]
[WhiteElo "2278"]
[BlackElo "2582"]
[WhiteTeam "GER"]
[BlackTeam "NED"]
[WhiteClock "0:02:14"]
[BlackClock "0:01:07"]
[Variant "Standard"]

1. Nf3 {[%clk 1:30:56]}  d5 {[%clk 1:29:42]} 2. d4 {[%clk 1:31:04]}  Nf6 {[%clk 1:30:03]} 3. c4 {[%clk 1:31:19]}  e6 {[%clk 1:30:22]} 4. Nc3 {[%clk 1:31:32]}  c6 {[%clk 1:30:37]} 5. Bg5 {[%clk 1:31:12]}  h6 {[%clk 1:31:01]} 6. Bh4 {[%clk 1:30:30]}  dxc4 {[%clk 1:30:25]} 7. e4 {[%clk 1:30:51]}  g5 {[%clk 1:30:46]} 8. Bg3 {[%clk 1:31:17]}  b5 {[%clk 1:31:12]} 9. h4 {[%clk 1:31:17]}  g4 {[%clk 1:31:18]} 10. Ne5 {[%clk 1:31:54]}  Nbd7 {[%clk 1:29:35]} 11. Nxg4 {[%clk 1:20:29]}  Nxg4 {[%clk 0:36:59]} 12. Qxg4 {[%clk 1:20:48]}  b4 {[%clk 0:36:46]} 13. Na4 {[%clk 1:16:50]}  Nf6 {[%clk 0:33:42]} 14. Qf3 {[%clk 1:08:53]}  Qxd4 {[%clk 0:17:20]} 15. Be2 {[%clk 1:03:47]}  Nd7 {[%clk 0:13:14]} 16. Rd1 {[%clk 0:41:12]}  Qf6 {[%clk 0:13:36]} 17. Qh5 {[%clk 0:38:46]}  Qg6 {[%clk 0:10:01]} 18. Qa5 {[%clk 0:28:46]}  Qxe4 {[%clk 0:08:46]} 19. O-O {[%clk 0:27:43]}  Qxe2 {[%clk 0:07:42]} 20. Qc7 {[%clk 0:27:22]}  Bg7 {[%clk 0:01:42]} 21. Qxc6 {[%clk 0:17:45]}  O-O {[%clk 0:01:30]} 22. Qxa8 {[%clk 0:18:05]}  c3 {[%clk 0:01:33]} 23. Bd6 {[%clk 0:14:21]}  Re8 {[%clk 0:01:56]} 24. bxc3 {[%clk 0:13:18]}  bxc3 {[%clk 0:01:39]} 25. Qc6 {[%clk 0:13:13]}  Qa6 {[%clk 0:01:09]} 26. Qe4 {[%clk 0:04:41]}  Bb7 {[%clk 0:01:33]} 27. Qf4 {[%clk 0:04:46]}  c2 {[%clk 0:01:00]} 28. Rc1 {[%clk 0:04:32]}  Rc8 {[%clk 0:01:21]} 29. Rfe1 {[%clk 0:02:14]}  Rc4 {[%clk 0:01:07]} 0-1

[Event "Open"]
[Site "Maastricht, NL"]
[Date "2025.06.09"]
[Round "7"]
[White "Degraeve, Remy"]
[Black "Gurevich, Mikhail"]
[Result "0-1"]
[Board "3"]
[WhiteFideId "26024560"]
[BlackFideId "200930"]
[WhiteTitle "IM"]
[BlackTitle "GM"]
[WhiteElo "2425"]
[BlackElo "2567"]
[WhiteTeam "FRA"]
[BlackTeam "BEL"]
[WhiteClock "0:03:01"]
[BlackClock "0:06:42"]
[Variant "Standard"]

1. e4 {[%clk 1:30:53]}  e6 {[%clk 1:30:34]} 2. d4 {[%clk 1:31:07]}  d5 {[%clk 1:30:59]} 3. e5 {[%clk 1:31:34]}  c5 {[%clk 1:31:24]} 4. c3 {[%clk 1:31:57]}  Nc6 {[%clk 1:31:51]} 5. Nf3 {[%clk 1:32:20]}  Bd7 {[%clk 1:32:17]} 6. Be2 {[%clk 1:32:43]}  Nge7 {[%clk 1:32:39]} 7. O-O {[%clk 1:32:47]}  Nf5 {[%clk 1:33:03]} 8. dxc5 {[%clk 1:32:47]}  Bxc5 {[%clk 1:31:03]} 9. b4 {[%clk 1:33:26]}  Bb6 {[%clk 1:24:59]} 10. Bd3 {[%clk 1:33:38]}  Nh4 {[%clk 1:23:27]} 11. Nbd2 {[%clk 1:31:31]}  Ng6 {[%clk 1:18:21]} 12. Re1 {[%clk 1:31:38]}  Bc7 {[%clk 1:10:33]} 13. Bxg6 {[%clk 1:27:57]}  fxg6 {[%clk 1:03:24]} 14. c4 {[%clk 1:27:28]}  O-O {[%clk 1:01:51]} 15. cxd5 {[%clk 1:20:38]}  Nxb4 {[%clk 1:01:20]} 16. d6 {[%clk 1:18:18]}  Bb6 {[%clk 0:59:42]} 17. Qb3 {[%clk 1:13:34]}  Nd5 {[%clk 0:57:58]} 18. Nc4 {[%clk 1:13:22]}  h6 {[%clk 0:56:57]} 19. Nxb6 {[%clk 1:12:14]}  axb6 {[%clk 0:51:07]} 20. Re4 {[%clk 1:09:46]}  Qe8 {[%clk 0:43:45]} 21. Bd2 {[%clk 1:06:20]}  g5 {[%clk 0:43:23]} 22. Rc1 {[%clk 0:55:48]}  Qg6 {[%clk 0:39:19]} 23. Rcc4 {[%clk 0:51:27]}  b5 {[%clk 0:37:48]} 24. Rcd4 {[%clk 0:51:47]}  Bc6 {[%clk 0:37:26]} 25. Rg4 {[%clk 0:48:42]}  b4 {[%clk 0:29:40]} 26. h3 {[%clk 0:18:46]}  Ra3 {[%clk 0:27:47]} 27. Qb2 {[%clk 0:19:12]}  Qf5 {[%clk 0:26:55]} 28. Rg3 {[%clk 0:14:49]}  Rfa8 {[%clk 0:26:45]} 29. Rdg4 {[%clk 0:06:49]}  Rxa2 {[%clk 0:26:05]} 30. Qd4 {[%clk 0:07:18]}  b3 {[%clk 0:21:20]} 31. Bxg5 {[%clk 0:07:42]}  h5 {[%clk 0:15:11]} 32. Bf6 {[%clk 0:06:28]}  hxg4 {[%clk 0:14:41]} 33. Rxg4 {[%clk 0:06:57]}  Nxf6 {[%clk 0:10:16]} 34. exf6 {[%clk 0:07:20]}  Ra1+ {[%clk 0:09:31]} 35. Kh2 {[%clk 0:07:46]}  R1a4 {[%clk 0:06:35]} 36. Rxg7+ {[%clk 0:05:38]}  Kf8 {[%clk 0:07:01]} 37. Qc3 {[%clk 0:03:52]}  Bxf3 {[%clk 0:05:00]} 38. f7 {[%clk 0:03:24]}  e5 {[%clk 0:04:48]} 39. Rg3 {[%clk 0:01:42]}  Bc6 {[%clk 0:05:07]} 40. d7 {[%clk 0:01:14]}  Bxd7 {[%clk 0:05:23]} 41. Qxb3 {[%clk 0:01:30]}  Qxf7 {[%clk 0:05:26]} 42. Qb6 {[%clk 0:01:46]}  Qf4 {[%clk 0:04:23]} 43. Qxb7 {[%clk 0:01:44]}  Ke7 {[%clk 0:04:46]} 44. Qb6 {[%clk 0:01:50]}  R8a5 {[%clk 0:05:06]} 45. Qg6 {[%clk 0:02:01]}  Ra3 {[%clk 0:05:11]} 46. Qg7+ {[%clk 0:01:56]}  Kd6 {[%clk 0:05:35]} 47. Qg6+ {[%clk 0:02:18]}  Be6 {[%clk 0:05:59]} 48. Qe8 {[%clk 0:02:40]}  Ra8 {[%clk 0:06:00]} 49. Qb5 {[%clk 0:03:00]}  Bd5 {[%clk 0:06:22]} 50. Qb6+ {[%clk 0:02:41]}  Bc6 {[%clk 0:06:46]} 51. Qb2 {[%clk 0:03:01]}  Ra2 {[%clk 0:06:42]} 0-1

[Event "Open"]
[Site "Maastricht, NL"]
[Date "2025.06.09"]
[Round "7"]
[White "Gloeckler, Christian"]
[Black "Lenaerts, Lennert"]
[Result "1-0"]
[Board "4"]
[WhiteFideId "34608966"]
[BlackFideId "211435"]
[WhiteTitle "FM"]
[BlackTitle "FM"]
[WhiteElo "2439"]
[BlackElo "2337"]
[WhiteTeam "GER"]
[BlackTeam "BEL"]
[WhiteClock "0:11:37"]
[BlackClock "0:47:33"]
[Variant "Standard"]

1. e4 {[%clk 1:30:59]}  c5 {[%clk 1:26:47]} 2. Nf3 {[%clk 1:31:24]}  e6 {[%clk 1:27:14]} 3. d4 {[%clk 1:31:50]}  cxd4 {[%clk 1:27:42]} 4. Nxd4 {[%clk 1:32:14]}  Nc6 {[%clk 1:27:49]} 5. Nc3 {[%clk 1:32:39]}  Qc7 {[%clk 1:28:02]} 6. Be2 {[%clk 1:32:32]}  a6 {[%clk 1:28:28]} 7. Nxc6 {[%clk 1:32:48]}  bxc6 {[%clk 1:28:55]} 8. Qd3 {[%clk 1:33:11]}  a5 {[%clk 1:29:22]} 9. Qg3 {[%clk 1:26:58]}  Qxg3 {[%clk 1:28:47]} 10. hxg3 {[%clk 1:27:17]}  Ba6 {[%clk 1:29:15]} 11. Bd3 {[%clk 1:25:25]}  d5 {[%clk 1:27:58]} 12. g4 {[%clk 1:19:30]}  a4 {[%clk 1:26:17]} 13. g5 {[%clk 1:09:16]}  d4 {[%clk 1:24:32]} 14. Nb1 {[%clk 1:09:16]}  e5 {[%clk 1:24:32]} 15. Ke2 {[%clk 1:04:55]}  Ne7 {[%clk 1:24:32]} 16. Nd2 {[%clk 1:02:23]}  Nc8 {[%clk 1:24:32]} 17. Bxa6 {[%clk 1:04:55]}  Rxa6 {[%clk 1:24:32]} 18. Nc4 {[%clk 1:04:55]}  f6 {[%clk 1:24:32]} 19. gxf6 {[%clk 0:53:42]}  gxf6 {[%clk 1:14:29]} 20. Bh6 {[%clk 0:53:07]}  c5 {[%clk 1:11:09]} 21. Bd2 {[%clk 0:38:37]}  Nb6 {[%clk 1:03:28]} 22. Kd3 {[%clk 0:36:05]}  Nxc4 {[%clk 1:00:40]} 23. Kxc4 {[%clk 0:36:33]}  Ra7 {[%clk 1:01:02]} 24. g4 {[%clk 0:32:26]}  Rg8 {[%clk 0:57:50]} 25. f3 {[%clk 0:27:59]}  Rgg7 {[%clk 0:57:07]} 26. Rh5 {[%clk 0:25:16]}  Rgb7 {[%clk 0:57:32]} 27. Rb1 {[%clk 0:25:19]}  Rb6 {[%clk 0:55:02]} 28. Rf5 {[%clk 0:21:33]}  Rab7 {[%clk 0:50:19]} 29. b3 {[%clk 0:21:45]}  axb3 {[%clk 0:48:46]} 30. Rxb3 {[%clk 0:21:24]}  Rxb3 {[%clk 0:46:50]} 31. cxb3 {[%clk 0:20:12]}  Be7 {[%clk 0:47:17]} 32. a4 {[%clk 0:19:35]}  Bd8 {[%clk 0:47:45]} 33. f4 {[%clk 0:16:57]}  exf4 {[%clk 0:47:51]} 34. Rxc5 {[%clk 0:16:31]}  f3 {[%clk 0:47:06]} 35. Rf5 {[%clk 0:15:56]}  Rg7 {[%clk 0:47:33]} 36. a5 {[%clk 0:13:07]}  Rxg4 {[%clk 0:46:28]} 37. a6 {[%clk 0:12:12]}  Rg1 {[%clk 0:46:39]} 38. a7 {[%clk 0:11:40]}  Ra1 {[%clk 0:47:06]} 39. Ba5 {[%clk 0:11:48]}  Rc1+ {[%clk 0:47:33]} 40. Kb5 {[%clk 0:11:37]} 1-0

[Event "Open"]
[Site "Maastricht, NL"]
[Date "2025.06.09"]
[Round "7"]
[White "Donker, Roel"]
[Black "Pham, Khoi"]
[Result "0-1"]
[Board "5"]
[WhiteFideId "1031660"]
[BlackFideId "1054988"]
[WhiteTitle "CM"]
[BlackTitle "IM"]
[WhiteElo "2213"]
[BlackElo "2377"]
[WhiteTeam "NED"]
[BlackTeam "NED"]
[WhiteClock "0:11:34"]
[BlackClock "0:56:30"]
[Variant "Standard"]

1. d4 {[%clk 1:30:55]}  Nf6 {[%clk 1:30:56]} 2. c4 {[%clk 1:31:09]}  e6 {[%clk 1:31:22]} 3. Nf3 {[%clk 1:31:30]}  d5 {[%clk 1:31:43]} 4. Nc3 {[%clk 1:31:50]}  c6 {[%clk 1:32:10]} 5. e3 {[%clk 1:31:52]}  Nbd7 {[%clk 1:32:14]} 6. Be2 {[%clk 1:32:06]}  Bd6 {[%clk 1:32:00]} 7. b3 {[%clk 1:32:04]}  O-O {[%clk 1:31:50]} 8. O-O {[%clk 1:32:06]}  b6 {[%clk 1:32:15]} 9. Bb2 {[%clk 1:32:24]}  Bb7 {[%clk 1:32:38]} 10. Bd3 {[%clk 1:32:32]}  h6 {[%clk 1:31:49]} 11. Rc1 {[%clk 1:29:29]}  Re8 {[%clk 1:30:29]} 12. Re1 {[%clk 1:29:48]}  dxc4 {[%clk 1:30:36]} 13. bxc4 {[%clk 1:16:57]}  c5 {[%clk 1:30:53]} 14. d5 {[%clk 0:55:48]}  exd5 {[%clk 1:30:53]} 15. Nxd5 {[%clk 0:55:48]}  Nxd5 {[%clk 1:30:53]} 16. cxd5 {[%clk 0:55:48]}  Bxd5 {[%clk 1:30:53]} 17. Bb5 {[%clk 0:55:48]}  a6 {[%clk 1:30:53]} 18. Qxd5 {[%clk 0:55:48]}  Nf6 {[%clk 1:30:04]} 19. Qxa8 {[%clk 0:42:54]}  Qxa8 {[%clk 1:29:52]} 20. Bxe8 {[%clk 0:43:16]}  Nxe8 {[%clk 1:26:32]} 21. e4 {[%clk 0:41:18]}  Nc7 {[%clk 1:22:40]} 22. Red1 {[%clk 0:36:29]}  Bf8 {[%clk 1:20:03]} 23. Rd7 {[%clk 0:35:30]}  Ne6 {[%clk 1:19:28]} 24. Re1 {[%clk 0:23:26]}  Qc8 {[%clk 1:14:49]} 25. Red1 {[%clk 0:14:21]}  c4 {[%clk 1:07:55]} 26. R7d2 {[%clk 0:11:16]}  b5 {[%clk 1:05:12]} 27. Rc2 {[%clk 0:11:37]}  Nc5 {[%clk 0:58:18]} 28. Nd2 {[%clk 0:11:14]}  Nd3 {[%clk 0:56:08]} 29. Nxc4 {[%clk 0:11:34]}  Nxb2 {[%clk 0:56:30]} 0-1

[Event "Open"]
[Site "Maastricht, NL"]
[Date "2025.06.09"]
[Round "7"]
[White "Beerdsen, Thomas"]
[Black "Eckardt, Joshua"]
[Result "1-0"]
[Board "6"]
[WhiteFideId "1030108"]
[BlackFideId "12941646"]
[WhiteTitle "GM"]
[WhiteElo "2538"]
[BlackElo "2241"]
[WhiteTeam "NED"]
[BlackTeam "GER"]
[WhiteClock "0:00:27"]
[BlackClock "0:00:32"]
[Variant "Standard"]

1. e4 {[%clk 1:30:56]}  e6 {[%clk 1:30:55]} 2. d4 {[%clk 1:31:13]}  d5 {[%clk 1:31:19]} 3. Nc3 {[%clk 1:31:38]}  Nf6 {[%clk 1:31:41]} 4. Bg5 {[%clk 1:32:00]}  dxe4 {[%clk 1:32:02]} 5. Nxe4 {[%clk 1:32:24]}  Be7 {[%clk 1:32:26]} 6. Bxf6 {[%clk 1:32:41]}  gxf6 {[%clk 1:32:47]} 7. Nc3 {[%clk 1:26:42]}  a6 {[%clk 1:27:12]} 8. g3 {[%clk 1:23:23]}  b5 {[%clk 1:11:16]} 9. Bg2 {[%clk 1:23:23]}  c6 {[%clk 1:11:16]} 10. Nf3 {[%clk 1:23:23]}  Bb7 {[%clk 1:11:16]} 11. Qe2 {[%clk 1:07:07]}  Nd7 {[%clk 1:09:31]} 12. O-O {[%clk 1:05:47]}  Qc7 {[%clk 1:04:31]} 13. Rfe1 {[%clk 1:01:07]}  b4 {[%clk 0:59:07]} 14. Ne4 {[%clk 0:55:04]}  c5 {[%clk 0:52:54]} 15. Rad1 {[%clk 0:49:54]}  O-O {[%clk 0:47:44]} 16. Qe3 {[%clk 0:39:31]}  f5 {[%clk 0:32:48]} 17. Neg5 {[%clk 0:35:52]}  Bf6 {[%clk 0:31:06]} 18. c3 {[%clk 0:31:35]}  bxc3 {[%clk 0:29:47]} 19. bxc3 {[%clk 0:32:00]}  Nb6 {[%clk 0:25:13]} 20. Rb1 {[%clk 0:26:58]}  Nd5 {[%clk 0:22:36]} 21. Qd2 {[%clk 0:25:45]}  cxd4 {[%clk 0:22:08]} 22. cxd4 {[%clk 0:25:16]}  Rab8 {[%clk 0:21:00]} 23. h4 {[%clk 0:22:54]}  h6 {[%clk 0:18:33]} 24. Nh3 {[%clk 0:23:01]}  Bg7 {[%clk 0:18:52]} 25. Ne5 {[%clk 0:22:07]}  Rfd8 {[%clk 0:17:59]} 26. Rec1 {[%clk 0:21:09]}  Qe7 {[%clk 0:16:49]} 27. Qa5 {[%clk 0:19:42]}  Qd6 {[%clk 0:15:14]} 28. Rb3 {[%clk 0:18:04]}  Ba8 {[%clk 0:13:47]} 29. Rxb8 {[%clk 0:15:13]}  Rxb8 {[%clk 0:14:07]} 30. Kh2 {[%clk 0:11:21]}  Bxe5 {[%clk 0:12:05]} 31. dxe5 {[%clk 0:11:47]}  Qxe5 {[%clk 0:12:30]} 32. Qxa6 {[%clk 0:11:41]}  Kg7 {[%clk 0:11:35]} 33. Qa7 {[%clk 0:10:58]}  Qb2 {[%clk 0:06:51]} 34. Re1 {[%clk 0:06:58]}  Bc6 {[%clk 0:05:57]} 35. Rxe6 {[%clk 0:04:25]}  Ra8 {[%clk 0:04:17]} 36. Qc5 {[%clk 0:04:48]}  fxe6 {[%clk 0:04:25]} 37. Qxc6 {[%clk 0:05:14]}  Ra7 {[%clk 0:01:36]} 38. Qxe6 {[%clk 0:05:05]}  Nf6 {[%clk 0:01:58]} 39. Qxf5 {[%clk 0:03:29]}  h5 {[%clk 0:01:48]} 40. Bf3 {[%clk 0:02:50]}  Qc3 {[%clk 0:01:19]} 41. Bxh5 {[%clk 0:03:00]}  Rxa2 {[%clk 0:00:37]} 42. Ng5 {[%clk 0:02:18]}  Kf8 {[%clk 0:00:32]} 43. Kg2 {[%clk 0:00:27]} 1-0

[Event "Open"]
[Site "Maastricht, NL"]
[Date "2025.06.09"]
[Round "7"]
[White "Decrop, Benjamin"]
[Black "Dann, Matthias"]
[Result "1/2-1/2"]
[Board "7"]
[WhiteFideId "215147"]
[BlackFideId "24638056"]
[BlackTitle "IM"]
[WhiteElo "2239"]
[BlackElo "2446"]
[WhiteTeam "BEL"]
[BlackTeam "GER"]
[WhiteClock "0:19:26"]
[BlackClock "0:17:30"]
[Variant "Standard"]

1. d4 {[%clk 1:30:57]}  Nf6 {[%clk 1:29:21]} 2. c4 {[%clk 1:31:22]}  g6 {[%clk 1:29:15]} 3. Nc3 {[%clk 1:31:47]}  Bg7 {[%clk 1:29:40]} 4. e4 {[%clk 1:32:12]}  O-O {[%clk 1:30:07]} 5. Nf3 {[%clk 1:32:36]}  c6 {[%clk 1:30:33]} 6. Be2 {[%clk 1:32:03]}  d5 {[%clk 1:30:24]} 7. e5 {[%clk 1:32:22]}  Ne4 {[%clk 1:30:49]} 8. O-O {[%clk 1:32:14]}  Nxc3 {[%clk 1:30:02]} 9. bxc3 {[%clk 1:32:39]}  dxc4 {[%clk 1:30:14]} 10. Bxc4 {[%clk 1:32:57]}  c5 {[%clk 1:29:39]} 11. Bf4 {[%clk 1:27:29]}  cxd4 {[%clk 1:23:34]} 12. cxd4 {[%clk 1:25:29]}  Bg4 {[%clk 1:23:51]} 13. d5 {[%clk 1:16:36]}  Nd7 {[%clk 0:58:52]} 14. Re1 {[%clk 0:59:16]}  Rc8 {[%clk 0:57:55]} 15. Bb3 {[%clk 0:50:20]}  Nc5 {[%clk 0:56:16]} 16. Re3 {[%clk 0:36:36]}  Qd7 {[%clk 0:43:02]} 17. h3 {[%clk 0:28:35]}  Bf5 {[%clk 0:43:27]} 18. g4 {[%clk 0:26:49]}  Be4 {[%clk 0:42:01]} 19. Rc1 {[%clk 0:26:50]}  Bxf3 {[%clk 0:28:28]} 20. Qxf3 {[%clk 0:25:13]}  Nxb3 {[%clk 0:20:15]} 21. Rxc8 {[%clk 0:23:29]}  Rxc8 {[%clk 0:20:40]} 22. axb3 {[%clk 0:23:49]}  a5 {[%clk 0:17:56]} 23. Rc3 {[%clk 0:21:07]}  Rxc3 {[%clk 0:16:15]} 24. Qxc3 {[%clk 0:21:34]}  g5 {[%clk 0:16:41]} 25. Bxg5 {[%clk 0:20:27]}  h6 {[%clk 0:17:07]} 26. Bf4 {[%clk 0:19:09]}  Qxd5 {[%clk 0:17:04]} 27. Qc8+ {[%clk 0:19:23]}  Kh7 {[%clk 0:17:30]} 28. Qc2+ {[%clk 0:19:26]} 1/2-1/2

[Event "Open"]
[Site "Maastricht, NL"]
[Date "2025.06.09"]
[Round "7"]
[White "Baselmans, Luuk"]
[Black "Klinova, Masha"]
[Result "1-0"]
[Board "8"]
[WhiteFideId "1051008"]
[BlackFideId "2802015"]
[WhiteTitle "FM"]
[BlackTitle "IM"]
[WhiteElo "2394"]
[BlackElo "2231"]
[WhiteTeam "NED"]
[BlackTeam "ISR"]
[WhiteClock "0:02:19"]
[BlackClock "0:02:57"]
[Variant "Standard"]

1. e4 {[%clk 1:30:57]}  d6 {[%clk 1:30:57]} 2. d4 {[%clk 1:31:05]}  Nf6 {[%clk 1:31:22]} 3. Nc3 {[%clk 1:31:29]}  e5 {[%clk 1:31:46]} 4. Nf3 {[%clk 1:30:49]}  Nc6 {[%clk 1:31:46]} 5. dxe5 {[%clk 1:26:59]}  Nxe5 {[%clk 1:26:34]} 6. Nxe5 {[%clk 1:23:47]}  dxe5 {[%clk 1:26:59]} 7. Qxd8+ {[%clk 1:24:08]}  Kxd8 {[%clk 1:26:59]} 8. Bc4 {[%clk 1:20:10]}  Be6 {[%clk 1:23:56]} 9. Bxe6 {[%clk 1:19:39]}  fxe6 {[%clk 1:24:23]} 10. f3 {[%clk 1:06:45]}  Bd6 {[%clk 1:24:23]} 11. Bd2 {[%clk 1:06:45]}  a6 {[%clk 1:24:23]} 12. O-O-O {[%clk 1:06:45]}  Ke7 {[%clk 1:24:23]} 13. b3 {[%clk 1:06:45]}  Ba3+ {[%clk 1:24:23]} 14. Kb1 {[%clk 1:06:45]}  h6 {[%clk 1:24:23]} 15. Ne2 {[%clk 1:06:45]}  Rhd8 {[%clk 1:24:23]} 16. Bc3 {[%clk 1:06:45]}  Rxd1+ {[%clk 1:24:23]} 17. Rxd1 {[%clk 1:06:45]}  Bd6 {[%clk 1:07:22]} 18. a4 {[%clk 1:01:10]}  b5 {[%clk 1:05:36]} 19. axb5 {[%clk 0:57:36]}  axb5 {[%clk 1:06:00]} 20. Nc1 {[%clk 0:50:11]}  Nd7 {[%clk 0:59:50]} 21. Nd3 {[%clk 0:45:04]}  c5 {[%clk 0:56:50]} 22. Kb2 {[%clk 0:29:26]}  Ra6 {[%clk 0:50:03]} 23. g3 {[%clk 0:24:31]}  Ra8 {[%clk 0:44:24]} 24. f4 {[%clk 0:23:52]}  exf4 {[%clk 0:41:49]} 25. e5 {[%clk 0:20:42]}  Bc7 {[%clk 0:40:03]} 26. gxf4 {[%clk 0:20:41]}  g5 {[%clk 0:28:08]} 27. fxg5 {[%clk 0:15:40]}  hxg5 {[%clk 0:28:04]} 28. b4 {[%clk 0:14:43]}  c4 {[%clk 0:24:25]} 29. Nc5 {[%clk 0:15:05]}  Nb6 {[%clk 0:21:02]} 30. Rg1 {[%clk 0:13:26]}  Rg8 {[%clk 0:19:16]} 31. Bd4 {[%clk 0:11:32]}  Nd5 {[%clk 0:18:38]} 32. Na6 {[%clk 0:11:19]}  Bd8 {[%clk 0:14:03]} 33. Bc5+ {[%clk 0:10:00]}  Kf7 {[%clk 0:12:45]} 34. Bd6 {[%clk 0:08:59]}  Be7 {[%clk 0:11:05]} 35. Rf1+ {[%clk 0:08:49]}  Ke8 {[%clk 0:10:52]} 36. Nc5 {[%clk 0:08:47]}  Rh8 {[%clk 0:07:39]} 37. Rf2 {[%clk 0:06:26]}  Nxb4 {[%clk 0:05:47]} 38. Nxe6 {[%clk 0:06:28]}  Bxd6 {[%clk 0:03:57]} 39. exd6 {[%clk 0:06:51]}  Kd7 {[%clk 0:03:54]} 40. Nxg5 {[%clk 0:07:02]}  Rh5 {[%clk 0:03:51]} 41. Ne4 {[%clk 0:07:05]}  Rh4 {[%clk 0:03:59]} 42. Rf7+ {[%clk 0:06:34]}  Kc6 {[%clk 0:03:15]} 43. d7 {[%clk 0:05:18]}  Kc7 {[%clk 0:03:12]} 44. Nc5 {[%clk 0:05:04]}  Nc6 {[%clk 0:03:01]} 45. Ne6+ {[%clk 0:04:17]}  Kb6 {[%clk 0:03:21]} 46. Rf6 {[%clk 0:04:10]}  Ka5 {[%clk 0:03:05]} 47. Nc5 {[%clk 0:02:17]}  Nd8 {[%clk 0:02:57]} 48. Rf8 {[%clk 0:02:19]} 1-0

[Event "Open"]
[Site "Maastricht, NL"]
[Date "2025.06.09"]
[Round "7"]
[White "Elgersma, Onno"]
[Black "Van Batenburg, Mees"]
[Result "1-0"]
[Board "9"]
[WhiteFideId "1053531"]
[BlackFideId "1078259"]
[WhiteTitle "FM"]
[WhiteElo "2393"]
[BlackElo "2218"]
[WhiteTeam "NED"]
[BlackTeam "NED"]
[WhiteClock "0:04:52"]
[BlackClock "0:01:19"]
[Variant "Standard"]

1. Nf3 {[%clk 1:30:05]}  d5 {[%clk 1:27:18]} 2. g3 {[%clk 1:30:01]}  e6 {[%clk 1:24:34]} 3. Bg2 {[%clk 1:30:17]}  Nf6 {[%clk 1:23:55]} 4. O-O {[%clk 1:30:08]}  Be7 {[%clk 1:23:53]} 5. d3 {[%clk 1:28:54]}  O-O {[%clk 1:23:53]} 6. a4 {[%clk 1:25:25]}  Nbd7 {[%clk 1:06:09]} 7. Nbd2 {[%clk 1:10:11]}  e5 {[%clk 1:06:09]} 8. e4 {[%clk 1:10:11]}  c6 {[%clk 1:06:09]} 9. Qe2 {[%clk 1:10:11]}  Bd6 {[%clk 0:56:52]} 10. Nh4 {[%clk 1:04:28]}  Re8 {[%clk 0:50:39]} 11. a5 {[%clk 0:58:07]}  a6 {[%clk 0:43:03]} 12. c3 {[%clk 0:51:54]}  Nf8 {[%clk 0:39:05]} 13. h3 {[%clk 0:42:45]}  h6 {[%clk 0:35:39]} 14. Nhf3 {[%clk 0:24:27]}  Ng6 {[%clk 0:32:09]} 15. Re1 {[%clk 0:17:55]}  Be6 {[%clk 0:28:02]} 16. Qf1 {[%clk 0:10:00]}  Qd7 {[%clk 0:26:32]} 17. Ra4 {[%clk 0:09:47]}  Nh7 {[%clk 0:24:56]} 18. d4 {[%clk 0:06:26]}  c5 {[%clk 0:18:29]} 19. Ra1 {[%clk 0:06:09]}  cxd4 {[%clk 0:18:38]} 20. cxd4 {[%clk 0:06:33]}  dxe4 {[%clk 0:18:34]} 21. Nxe4 {[%clk 0:06:58]}  Bb4 {[%clk 0:18:11]} 22. Nc5 {[%clk 0:06:24]}  Bxc5 {[%clk 0:09:23]} 23. dxc5 {[%clk 0:06:53]}  Bd5 {[%clk 0:09:47]} 24. Be3 {[%clk 0:05:16]}  f5 {[%clk 0:07:31]} 25. Rad1 {[%clk 0:04:36]}  Nf6 {[%clk 0:07:51]} 26. Nd2 {[%clk 0:03:49]}  f4 {[%clk 0:05:14]} 27. Ne4 {[%clk 0:04:06]}  Ne7 {[%clk 0:04:12]} 28. gxf4 {[%clk 0:03:48]}  Qe6 {[%clk 0:03:21]} 29. Nxf6+ {[%clk 0:03:49]}  Qxf6 {[%clk 0:03:34]} 30. Rxd5 {[%clk 0:03:29]}  Nxd5 {[%clk 0:03:18]} 31. Bxd5+ {[%clk 0:03:54]}  Kh8 {[%clk 0:03:39]} 32. fxe5 {[%clk 0:04:09]}  Rxe5 {[%clk 0:02:17]} 33. Bxb7 {[%clk 0:04:14]}  Rf8 {[%clk 0:01:54]} 34. Bg2 {[%clk 0:04:18]}  Rb8 {[%clk 0:00:40]} 35. c6 {[%clk 0:04:17]}  Rxb2 {[%clk 0:00:39]} 36. Bd4 {[%clk 0:04:05]}  Rxe1 {[%clk 0:01:00]} 37. Qxe1 {[%clk 0:04:28]}  Qxd4 {[%clk 0:01:19]} 38. Qe8+ {[%clk 0:04:52]} 1-0